| 000 | 00616nam a22002297a 4500 | ||
|---|---|---|---|
| 003 | OSt | ||
| 005 | 20140310181955.0 | ||
| 008 | 121120t xxu||||| |||| 00| 0 eng d | ||
| 020 | _a9780590462259 | ||
| 050 |
_aPZ 7 _b.P485 1967 |
||
| 100 |
_aPeterson, John _94724 |
||
| 245 |
_aThe Littles / _cJohn Peterson Interior Illustrations by Roberta Carter Clark. |
||
| 260 |
_aNew York : _bScholastic Inc., _cc1967. |
||
| 300 |
_a80 p. : _bill. ; _c19 cm. |
||
| 521 |
_aG2 _bLexile |
||
| 526 | _c460 | ||
| 541 | _j1 | ||
| 541 | _j2 | ||
| 541 | _j3 | ||
| 562 | _e3 | ||
| 942 |
_2lcc _cBK-SCHOLAS |
||
| 999 |
_c7919 _d7919 |
||